Powiaty z największym odsetkiem Kaszubów - Statystyki

Ogólne statystyki
  • Ten quiz został rozwiązany 438 razy
  • Średni wynik to 11 z 14
Statystyki odpowiedzi
Odsetek Kaszubów Powiat % Poprawnych
3-5% Gdańsk
98%
Gdynia
90%
>80% kartuski
85%
pucki
84%
Sopot
84%
40-60% wejherowski
83%
Słupsk
79%
lęborski
77%
20-40% bytowski
74%
15-20% chojnicki
74%
gdański
74%
60-80% kościerski
73%
słupski
70%
5-15% człuchowski
61%
Nie znaleziono quizów pasujących do podanych kryteriów
Rozkład punktacji
Procent ludzi z każdym wynikiem
Percentyl według liczby udzielonych odpowiedzi
Twoja historia wyników
Nie rozwiązałeś tego quizu